| 000 | 00657nam a2200241Ia 4500 | ||
|---|---|---|---|
| 003 | OSt | ||
| 005 | 20250707183624.0 | ||
| 008 | 210423s2003 xx 000 0 und d | ||
| 020 | _a8122901573 | ||
| 040 | _cAL | ||
| 041 | _aEnglish | ||
| 082 |
_a070.19 _bORLE |
||
| 100 |
_aPeter B Orlik _979124 |
||
| 245 | _aElectronic media: an introduction to the profession | ||
| 250 | _a2 | ||
| 260 |
_aNew Delhi _bSurjeeth Publications _c2003 |
||
| 300 |
_axvii,684p. _bPB _c24x18cm. |
||
| 365 |
_b395 _cINR |
||
| 650 |
_aGeneral _979125 |
||
| 650 |
_aMass Media _979126 |
||
| 906 | _aan ; Electronic ; introduction ; media: ; profession | ||
| 942 |
_2ddc _cBK |
||
| 999 |
_c156257 _d156257 |
||